000 00634nam a2200193Ia 4500
008 240729s9999 xx 000 0 und d
022 _a2147-9380
245 0 _aIconarp International Journal of Architecture and Planning
260 _aTürkiye
260 _bKonya Technical University Faculty of Architecture and Design
650 _a Architecture | Social Sciences
650 _a City planning
650 _a Communities. Classes. Races
650 _a Urban groups. The city. Urban sociology
650 _aFine Arts
856 _uhttps://doaj.org/toc/a24d59e2de0b44cdb3b33e3196c7a2c3
942 _2ddc
942 _cDOAJEJ
999 _c66335
_d66335
945 _a1
_bMadushi Gamage
_c1
_dMadushi Gamage